000 00479nam a2200181Ia 4500
005 20140312102435.0
008 140130s9999 xx 000 0 und d
020 _a0439574625
050 _aPZ 7
_b.M47879343One 2004
100 _aMcNamara, Margaret
245 _cMargaret McNamara
_aOne Hundred days(plus One) /
260 _bScholastic,
_aU.S.A :
_c2004.
300 _a32 p. :
_bcol. ill. ;
_c23 cm.
521 _aG2
526 _c430
942 _cBK
_2lcc
999 _c42286
_d42286